Star academy (2024) : Classement final - Statistiques

Statistiques générales
  • Ce quiz a été pris 586 fois
    351 depuis la dernière actualisation
  • Le résultat moyen est 14 sur 15
Statistiques - réponses
Classement Académicien % Correct
2 Ebony
96%
1 Marine
96%
4 Charles
94%
3 Franck
94%
11 Emma
93%
12 Noah
93%
14 Paul
93%
5 Ulysse
93%
9 Julie
92%
10 Masseo
92%
8 Maureen
91%
13 Thomas
91%
7 Maïa
90%
6 Marguerite
89%
15 Maylis
88%
Aucun quiz correspondant
Distribution des résultats
% des personnes avec chaque résultat
Percentile par nombre de réponses
Votre historique - résultats
Vous n’avez pas pris ce quiz depuis la dernière actualisation